000 00718nam a22001937a 4500
999 _c2072
_d2072
003 AR-CdUCM
008 190301b ||||| |||| 00| 0 spa d
040 _aMUNICIPALIDAD PROVINCIAL DEL CUSCO
_cBIBLIOTECA MUNICIPAL DEL CUSCO
082 _a31.8 /
_bD383
100 _aLa democracia en el Perú
_97487
245 _aLa democracia en el Perú :
_bel mensaje de las cifras /
260 _aLima :
_bPUUD,
_c2006.
300 _a315 páginas ;
_c28 cm.
505 _aDemocracia -- Que sabemos en el Perú de política? -- La democracia comienza -- Radicalismo, sombras y riesgo...
650 _aDemocracia en Perú.
_97488
650 _aParticipación política.
_97489
942 _2ddc
_cLIBROS
945 _awfj
_d2019-03-01